000 00259nam a2200097Ia 4500
001 815883
005 20250826171705.0
008 250824s9999 xx 000 0 und d
245 0 _aRÜZGAR BENİM ARKADAŞIM
_cAYDOĞAN YAVAŞLI
260 _bKIRMIZI KEDİ YAYINLARI
999 _c815883
_d815883